[Event "GRENKE Chess Classic - Matches"]
[Site "Karlsruhe, Germany"]
[Date "2024.04.01"]
[Round "2.2"]
[White "Rapport, Richard"]
[Black "Carlsen, Magnus"]
[Result "1/2-1/2"]
[WhiteElo "2708"]
[BlackElo "2823"]
[Annotator "Stockfish 16"]
[PlyCount "157"]
[EventDate "2024.??.??"]

1. e4 e5 2. Nf3 Nc6 3. Bc4 Nf6 4. d3 Bc5 5. Nc3 h6 6. O-O d6 7. Na4 Bb6 8. a3 Bg4 ({RR} 8... O-O 9. c3 Ne7 10. Re1 Ng6 11. h3 Re8 12. Bb3 Ba5 13. Bc2 c6 14. b4 Bc7 15. c4 d5 16. exd5 cxd5 17. Nc3 Bf5 18. Bb2 a6 19. Nxd5 Nxd5 20. cxd5 Qxd5 21. d4 Bxc2 22. Qxc2 e4 23. Ne5 {Abdusattorov,N (2688)-Nakamura,H (2760) Chess.com INT 2022 0-1 (62)}) 9. c3 Qc8 10. Nxb6 axb6 11. Bb3 $146 ({RR} 11. Qe2 O-O 12. Bb3 Rd8 13. h3 Be6 14. Bc2 d5 15. exd5 Rxd5 16. Be3 Bf5 17. Nd2 Rd8 18. Rad1 Nd5 19. Rfe1 Qd7 20. Nf1 Re8 21. Bc1 Rad8 22. Ng3 Bg6 23. Qg4 Qe6 24. Qh4 Qe7 25. Qg4 Qe6 {Ivic,V (2623)-Jacobson,B (2570) Reykjavik ISL 2025 ½-½}) 11... Ne7 12. h3 Be6 13. Ba4+ Bd7 14. Bc2 Ng6 15. Nh2 O-O 16. f4 exf4 17. Bxf4 Nxf4 18. Rxf4 Qd8 19. d4 Ra5 20. Qd3 d5 $2 {Mistake. Re8 was best.} (20... Re8 21. Qf1) 21. exd5 g6 22. c4 b5 23. Raf1 Ra6 24. Qf3 Kg7 25. d6 Rxd6 26. c5 Bc6 27. Qf2 Re6 28. Bb3 g5 29. Rf5 Be4 30. Bxe6 fxe6 31. Re5 Bd3 32. Rd1 Ng4 33. Nxg4 Rxf2 34. Nxf2 Bc4 35. Ng4 Bb3 36. Rd2 h5 $6 {Inaccuracy. Bc4 was best.} (36... Bc4) 37. Nf2 Bd5 38. Ne4 $6 {Inaccuracy. h4 was best.} (38. h4 gxh4 39. Nh3 Bb3 40. Rxh5 b6 41. Rg5+ Kh6 42. cxb6 cxb6 43. Rg4 e5 44. Re4 b4) 38... Bxe4 39. Rxe4 g4 $6 {Inaccuracy. Qd5 was best.} (39... Qd5 40. Rde2 Kf7 41. Kh2 e5 42. Rxe5 Qxd4 43. R2e4 Qd3 44. h4 gxh4 45. Rxh4 Qc2 46. b4) 40. hxg4 Qg5 41. Rde2 $6 {Inaccuracy. Rf2 was best.} (41. Rf2 Qd5 42. Rff4 h4 43. Re3 Qc4 44. Kh2 Qc1 45. Rfe4 Qxb2 46. Kh3 Qc1 47. Kxh4 Qh1+) 41... hxg4 42. g3 Qf5 43. Rf4 Qd3 44. Kf2 Qb3 45. Rxg4+ Kf7 46. Rf4+ Kg7 47. Rfe4 Qd3 48. Kg2 c6 49. Rg4+ Kf7 50. Rf2+ Ke7 51. Rg7+ Ke8 52. Rgf7 e5 53. dxe5 Qd5+ 54. Kh2 Qxc5 55. R7f5 Qe3 56. Kh3 $6 {Inaccuracy. g4 was best.} (56. g4 c5 57. g5 b4 58. axb4 cxb4 59. Kg2 b3 60. g6 Qh6 61. Rf6 Qe3 62. R2f5 Ke7) 56... Ke7 57. Rf7+ Ke8 58. Rf8+ Ke7 59. R2f7+ (59. R2f5) 59... Ke6 60. Rf6+ Kd5 61. Rd8+ $2 {Mistake. e6 was best.} (61. e6 Kc4 62. b3+ Kd5 63. b4 Qe2 64. Kh4 Kc4 65. Rf4+ Kb3 66. Rf3+ Kb2 67. Rf2) 61... Kc4 62. e6 $6 {Inaccuracy. b4 was best.} (62. b4 Qe2 63. Rdf8 Qh5+ 64. Kg2 Qe2+ 65. Rf2 Qe4+ 66. Kh2 Qxe5 67. R2f3 Qe1 68. R8f6 Kd5) 62... Qe5 63. Rf4+ Kb3 $6 {Inaccuracy. Kc5 was best.} (63... Kc5) 64. Rd3+ Kc2 65. Rdf3 $6 {Inaccuracy. Rff3 was best.} (65. Rff3) 65... Qxe6+ 66. g4 Kxb2 $6 {Inaccuracy. c5 was best.} (66... c5 67. Rf5 c4 68. Rg3 Kb1 69. Rf2 Qh6+ 70. Kg2 Qg5 71. Kg1 Qe5 72. Kh2 Qg5 73. Kg2) 67. Kg2 c5 68. Rg3 $6 {Inaccuracy. Rd3 was best.} (68. Rd3 c4 69. Rf2+ Kc1 70. Rg3 Kb1 71. Kh1 Qh6+ 72. Kg1 Ka1 73. g5 Qh4 74. Rff3 Qd4+) 68... Qd5+ $4 {Blunder. c4 was best.} (68... c4) 69. Kh2 Qe5 70. Rf2+ Kb1 71. Rf1+ Kc2 72. Rf2+ Kd1 73. Kh3 $4 {Blunder. g5 was best.} (73. g5 Ke1 74. Kg2 c4 75. g6 Qc5 76. Rf1+ Ke2 77. g7 Qc6+ 78. Rff3 c3 79. g8=Q c2) 73... Ke1 74. Rf5 Qe4 $2 {Mistake. Qe7 was best.} (74... Qe7 75. Rff3 Qg5 76. Re3+ Kd2 77. Rb3 Kd1 78. Kh2 c4 79. Rb1+ Kc2 80. Rf1 Kd2 81. Rf5) 75. Rg1+ $4 {Blunder. Rff3 was best.} (75. Rff3) 75... Ke2 76. Rg2+ Ke1 77. Rg1+ Ke2 78. Rg2+ Ke1 79. Rg1+ 1/2-1/2

[Event "Norway Chess 2024"]
[Site "Stavanger, Norway"]
[Date "2024.05.28"]
[Round "3.1"]
[White "Carlsen, Magnus"]
[Black "Nakamura, Hikaru"]
[Result "1/2-1/2"]
[WhiteElo "2830"]
[BlackElo "2794"]
[Annotator "Stockfish 16.1 - Chessbase"]
[PlyCount "70"]
[EventDate "2024.??.??"]

1. e4 {[%eval 15,0] Stockfish 16.1} e5 {[%eval 21,0]} 2. Nf3 {[%eval 19,0]} Nc6 {[%eval 19,0]} 3. Bb5 {[%eval 22,0]} a6 {[%eval 38,0]} 4. Ba4 {[%eval 21,0]} Bc5 {[%eval 42,0]} 5. c3 {[%eval 41,0]} Nge7 {[%eval 42,0]} 6. O-O {[%eval 35,0]} Ng6 {[%eval 34,0]} 7. d4 {[%eval 39,0]} Ba7 {[%eval 38,0]} 8. Re1 {[%eval 5,0]} ({RR} 8. Bg5 f6 9. Be3 O-O 10. Nbd2 Kh8 11. Re1 exd4 ({RR} 11... d6 12. h3 exd4 ({RR} 12... Bd7 13. Nf1 Nce7 14. Bc2 exd4 15. Bxd4 Bxd4 16. cxd4 d5 17. Ng3 dxe4 18. Bxe4 Bc6 19. Qb3 Bd5 20. Qc2 Qd7 21. Rac1 c6 22. Bxd5 Nxd5 23. Ne4 Rae8 24. Nc5 Qf7 25. Qf5) 13. cxd4 Nce7 14. Nf1 c6 15. Bb3 d5 16. Ng3 Bb8 17. Bd2 a5 18. Qc2 ({RR} 18. Rc1) 18... Bxg3 19. fxg3 a4 20. Bxa4 dxe4 21. Rxe4 Bf5 22. Bb3 Nd5 23. Rae1 Qd7 24. g4 ({RR} 24. Rf1) 24... Bxe4 25. Rxe4 Rae8 26. Rxe8) 12. Nxd4 Nxd4 13. Bxd4 ({RR} 13. cxd4 d5 14. exd5 Ne7 15. Bc2 Bf5 16. Bxf5 Nxf5 17. Qb3 Rb8 18. Ne4 Nxd4 19. Bxd4 Bxd4 20. Rad1 Ba7 21. d6 Qd7 22. Qg3 ({RR} 22. Qc3 Bb6 23. a4 cxd6 24. Rxd6) 22... Rbe8 23. h3 cxd6 24. Qxd6 Qf7 25. Nc3 h6 26. g3 Bb8 27. Qd5 Rxe1+) 13... Bxd4 14. cxd4 d5 15. exd5 Qxd5 16. Ne4 Qd8 17. Bc2 ({RR} 17. d5 b6) 17... f5 18. Nc5 b6 19. Nd3 Bb7 20. Ne5 Qg5 21. d5 Rad8 22. Bb3 c5 {½-½ Nepomniachtchi,I (2758)-Nakamura,H (2789) FIDE Candidates 2024 Toronto CAN (13.1)} ({RR} 22... Nh4 23. g3 f4)) ({RR} 8. Bg5 f6 9. Be3 O-O 10. Nbd2 Kh8 11. Re1 exd4 12. Nxd4 Nxd4 13. Bxd4 Bxd4 14. cxd4 d5 15. exd5 Qxd5 16. Ne4 Qd8 17. Bc2 f5 18. Nc5 b6 19. Nd3 Bb7 20. Ne5 Qg5 21. d5 Rad8 22. Bb3 c5 {½-½ Nepomniachtchi,I (2758)-Nakamura,H (2789) FIDE Candidates 2024 Toronto, Canada (13.1)}) 8... O-O {[%eval 52,0]} 9. Be3 {[%eval 36,0]} Qf6 {[%eval 44,0]} ({RR} 9... d6 10. Nbd2 Bd7 11. h3 Kh8 12. Bc2 h6 13. Nf1 Nh4 14. N1h2 Nxf3+ 15. Nxf3 Qf6 16. dxe5 Nxe5 17. Nxe5 Qxe5 18. Bxa7 Rxa7 19. Qd2 Raa8 20. f4 Qc5+ 21. Kh2 Bc6 22. b4 Qb6 23. a4 Rae8 24. a5 {Niemann,H (2733)-Nakamura,H (2802) Paris FRA 2024 ½-½ (50)}) 10. Bxc6 {[%eval 29,0]} exd4 $146 {[%eval 39,0]} ({RR} 10... dxc6 11. Nxe5 Nxe5 12. dxe5 Qxe5 13. Bxa7 Rxa7 14. Nd2 Rd8 15. Qe2 Ra8 16. Nb3 Be6 17. Rad1 h6 18. Nd4 Bd7 19. Rd2 c5 20. Nf3 Qe7 21. Red1 Be6 22. Rxd8+ Rxd8 23. Rxd8+ Qxd8 24. a3 a5 25. h3 {0-1 Huschenbeth,N (2605)-Mamedyarov,S (2734) Bundesliga 2023-24 Deizisau GER (8.4)}) ({RR} 10... dxc6 11. Nxe5 Nxe5 12. dxe5 Qxe5 13. Bxa7 Rxa7 14. Nd2 Rd8 15. Qe2 Ra8 16. Nb3 Be6 17. Rad1 h6 18. Nd4 Bd7 19. Rd2 c5 20. Nf3 Qe7 21. Red1 Be6 22. Rxd8+ Rxd8 23. Rxd8+ Qxd8 24. a3 a5 25. h3 {Huschenbeth,N (2605)-Mamedyarov,S (2734) Deizisau GER 2024 0-1 (38)}) ({RR} 10... dxc6 11. Nxe5 Nxe5 12. dxe5 Qxe5 13. Bxa7 Rxa7 14. Nd2 Ra8 15. Nf3 Qe7 16. Nd4 Re8 17. Re3 Be6 18. Nxe6 Qxe6 19. Qc2 Rad8 20. a3 Rd7 21. Rd1 Red8 22. Rxd7 Qxd7 23. Kf1 Qd2 24. Qxd2 Rxd2 25. Re2 {Parligras,M (2505)-Nasuta,G (2513) Ankara TUR 2025 ½-½}) 11. Bxd4 {[%eval 11,0]} Bxd4 {[%eval 21,0]} 12. Qxd4 {[%eval 7,0]} Qxd4 {[%eval 16,0]} 13. Nxd4 {[%eval 8,0]} dxc6 {[%eval 2,0]} 14. Nd2 {[%eval 4,0]} c5 {[%eval 5,0]} 15. Nf5 {[%eval 4,0]} Be6 {[%eval 1,0]} 16. Nf3 {[%eval 28,0]} Rad8 {[%eval 29,0]} 17. g3 {[%eval 43,0]} Rfe8 {[%eval 37,0]} 18. Kg2 {[%eval 63,0]} f6 {[%eval 44,0]} 19. Re3 {[%eval 89,0]} Nh8 {[%eval 54,0]} 20. h3 {[%eval 56,0]} g6 {[%eval 66,0]} 21. N5h4 {[%eval 67,0]} Nf7 {[%eval 61,0]} 22. g4 {[%eval 55,0]} Bd7 {[%eval 32,0]} 23. Rae1 {[%eval 28,0]} Bc6 {[%eval 27,0]} 24. Kg3 {[%eval 23,0]} Re6 {[%eval 12,0]} 25. b3 {[%eval 1,0]} Kf8 {[%eval 8,0]} 26. c4 {[%eval 3,0]} a5 {[%eval 9,0]} 27. a4 {[%eval 22,0]} b6 {[%eval 1,0]} 28. Ng2 {[%eval 1,0]} g5 {[%eval 0,0]} 29. R1e2 {[%eval 0,0]} Rd1 {[%eval 0,0]} 30. Nfe1 {[%eval 15,0]} Red6 {[%eval 1,0]} 31. Rc3 {[%eval 3,0]} Nd8 {[%eval 8,0]} 32. Ne3 {[%eval 21,0]} R1d2 {[%eval 0,0]} 33. Rxd2 {[%eval 0,0]} Rxd2 {[%eval 0,0]} 34. Nf3 {[%eval 0,0]} Rb2 {[%eval 0,0]} 35. Nd5 {[%eval 0,0]} Bxd5 {[%eval 0,0]} 1/2-1/2

[Event "Norway Chess 2024"]
[Site "Stavanger, Norway"]
[Date "2024.05.30"]
[Round "7.1"]
[White "Caruana, Fabiano"]
[Black "Carlsen, Magnus"]
[Result "0-1"]
[WhiteElo "2805"]
[BlackElo "2830"]
[Annotator "Stockfish 16.1 - Chessbase"]
[PlyCount "132"]
[EventDate "2024.??.??"]

1. e4 {[%eval 15,0] Stockfish 16.1} e5 {[%eval 17,0]} 2. Nf3 {[%eval 19,0]} Nc6 {[%eval 19,0]} 3. Bc4 {[%eval 1,0]} Nf6 {[%eval 15,0]} 4. d3 {[%eval 9,0]} Bc5 {[%eval 17,0]} 5. O-O {[%eval 9,0]} d6 {[%eval 14,0]} 6. c3 {[%eval 11,0]} a6 {[%eval 25,0]} 7. a4 {[%eval 13,0]} Ba7 {[%eval 16,0]} 8. h3 {[%eval 23,0]} ({RR} 8. Nbd2 O-O 9. h3 Re8 10. Qb3 Rf8 11. a5 Nh5 12. Qd1 Qf6 13. Nb3 Nf4 14. Be3 Ne7 15. d4 Neg6 16. Kh2 ({RR} 16. Nbd2 c6 17. Re1 exd4 18. cxd4 d5 19. Bf1) 16... c6 ({RR} 16... exd4 17. cxd4 c6 18. Re1 d5 19. exd5 Nxd5 20. Nbd2 Re8) 17. dxe5 ({RR} 17. Re1 exd4 18. Nbxd4 d5 19. exd5 Nxd5 20. Kg1) 17... Nxe5 18. Nxe5 Qxe5 19. Bxa7 Qxe4 20. f3 Qxc4 21. Be3 Nd3 22. Nd2 Qb5 {½-½ Carlsen,M (2891)-Firouzja,A (2865) Division I Chess.com 2024 (5.1)}) 8... h6 {[%eval 31,0]} ({RR} 8... O-O 9. Nbd2 Re8 10. b4 Be6 11. Bxe6 Rxe6 12. Qc2 Re8 13. Re1 h6 14. Nf1 d5 15. Ng3 b5 16. Nf5 dxe4 ({RR} 16... Qd7 17. Bxh6 gxh6 18. Qc1 dxe4 19. dxe4 Nh7 20. Qxh6 f6 21. Qg6+ Kf8 22. Qh6+ Kg8 23. Qg6+ Kf8 24. Red1 Qf7 25. Qxf7+ Kxf7 26. Rd7+ Kg8 27. Rxc7 Nd8 28. axb5 Ne6 29. Rb7 Reb8 30. bxa6 Bb6 31. Rd1) 17. dxe4 Ne7 18. Nxe5 ({RR} 18. Ng3) 18... Nxf5 19. exf5 c5 20. Bf4 bxa4 21. Nc6 Qd7 22. Rxe8+ Rxe8 23. Nxa7 {½-½ Caruana,F (2803)-Gukesh,D (2743) FIDE Candidates 2024 Toronto, Canada (4.3)}) 9. Be3 $146 {[%eval 27,0]} ({RR} 9. Nbd2 O-O 10. Re1 Ne7 11. Nf1 Ng6 12. Ng3 c6 13. b4 b5 14. Bb3 bxa4 15. Rxa4 Bb7 16. Ra2 Qc7 17. Nf5 d5 18. N3h4 Nxh4 19. Nxh4 dxe4 20. dxe4 c5 21. Qf3 Nxe4 22. Rxe4 cxb4 23. Bxh6 Bxe4 {1-0 Mirzanurov,B (2232)-Gutierrez Carmona,J (2095) Titled Tue 6th Feb Early chess.com INT 2024 (3)}) ({RR} 9. Nbd2 O-O 10. Re1 Re8 11. b4 Be6 12. Bxe6 Rxe6 13. Qc2 ({RR} 13. Nf1 Ne7 14. Ng3 Ng6 15. d4 Qd7 16. d5 Ree8 17. a5 c6 18. c4 cxd5 19. cxd5 Rac8 20. Qd3 Rc7 21. Bd2 Rec8 22. Nf5 Rc4 23. Rac1 Rxe4 24. Rxc8+ Qxc8 25. Nxd6 Rxe1+ 26. Nxe1 Qd7 27. Ne4 Nxd5) 13... Qd7 ({RR} 13... Qd7 14. Rb1 Rd8 15. b5 Ne7 16. d4 Ng6 17. d5 Ree8 18. c4 Ra8 19. a5 b6 20. c5 dxc5 21. axb6 cxb6 22. Qb3 Bb8 23. Nc4 Bc7 24. bxa6 Rxa6 25. Bd2 Qa4 26. Qc3 Qd7 27. Qb3 Qa4 28. Qc3) 14. Rb1 Ne7 15. Nf1 Rd8 16. d4 Ng6 17. d5 Ree8 18. Be3 Bxe3 19. Nxe3 c6 20. Nd2 cxd5 21. exd5 Nf4 22. Qb3 e4 23. c4 Re5 {1-0 Urh,Z (2287)-Ivekovic,T (2081) 24th Mediterranean Flower Rijeka CRO 2024 (8.2)}) ({RR} 9. Re1 O-O 10. Nbd2 Re8 11. b4 Be6 12. Bxe6 Rxe6 13. Qc2 Re8 14. Nf1 b5 15. Be3 ({RR} 15. Ng3 d5 16. Nf5 Qd7 17. Bxh6 gxh6 18. Qc1 dxe4 19. dxe4 Nh7 20. Qxh6 f6 21. Qg6+ Kf8 22. Qh6+ Kg8 23. Qg6+ Kf8 24. Red1 Qf7 25. Qxf7+ Kxf7 26. Rd7+ Kg8 27. Rxc7 Nd8 28. axb5 Ne6 29. Rb7 Reb8) 15... Bxe3 16. Nxe3 Qb8 17. Reb1 Ne7 18. c4 c6 19. c5 dxc5 20. bxc5 Qc7 21. Qc3 Nd7 22. g3 Kh7 23. a5 Rad8 {½-½ Suleymanli,A (2621)-Begmuratov,K (2403) Dubai Police Global Chess Challenge 202 Dubai Police Officers Club, A 2024 (8.17)}) 9... Bxe3 {[%eval 23,0]} 10. fxe3 {[%eval 24,0]} Be6 {[%eval 28,0]} 11. Bxe6 {[%eval 26,0]} fxe6 {[%eval 23,0]} 12. Nbd2 {[%eval 23,0]} O-O {[%eval 25,0]} 13. Rf2 $146 {[%eval 25,0]} ({RR} 13. Qb3 Qd7 14. Rf2 b6 15. Raf1 Rf7 16. Qc2 Raf8 17. b4 Ne7 18. d4 exd4 19. exd4 Nh5 20. Kh2 Nf4 21. Ne1 Nfg6 22. Ndf3 Qc6 23. c4 e5 24. dxe5 Nxe5 25. Nxe5 dxe5 26. Rxf7 Rxf7 27. Rxf7 Kxf7 {Pichot,A (2638)-Fedorchuk,S (2564) Ubeda ESP 2024 ½-½ (63)}) 13... Qe7 {[%eval 22,0]} 14. Qb3 {[%eval 32,0]} Rab8 {[%eval 26,0]} 15. Raf1 {[%eval 24,0]} Nd8 {[%eval 25,0]} 16. Qd1 {[%eval 5,0]} b5 {[%eval 4,0]} 17. axb5 {[%eval 0,0]} axb5 {[%eval 0,0]} 18. Nh2 {[%eval 0,0]} Nf7 {[%eval 1,0]} 19. Ng4 {[%eval 6,0]} Nd7 {[%eval 0,0]} 20. d4 {[%eval 0,0]} c5 {[%eval 2,0]} 21. Qe2 {[%eval 2,0]} c4 {[%eval 1,0]} 22. Nh2 {[%eval 21,0]} Nf6 {[%eval 1,0]} 23. Ng4 {[%eval 21,0]} Nd7 {[%eval 5,0]} 24. Nh2 {[%eval 23,0]} Ra8 {[%eval 21,0]} 25. b3 {[%eval 13,0]} cxb3 {[%eval 16,0]} 26. Nxb3 {[%eval 15,0]} Rac8 {[%eval 19,0]} 27. Qd3 {[%eval 21,0]} Nf6 {[%eval 19,0]} 28. Nd2 {[%eval 2,0]} Qc7 {[%eval 21,0]} 29. Qxb5 {[%eval 22,0]} Qxc3 {[%eval 22,0]} 30. Nhf3 {[%eval 2,0]} Qxe3 {[%eval 9,0]} 31. dxe5 {[%eval 4,0]} dxe5 {[%eval 9,0]} 32. Nxe5 {[%eval 11,0]} Ng5 {[%eval 6,0]} 33. Qd3 {[%eval 1,0]} Qc5 {[%eval 1,0]} 34. Nef3 {[%eval 6,0]} Rcd8 {[%eval 5,0]} 35. Qb1 {[%eval 2,0]} Nh5 {[%eval 9,0]} 36. Qc1 {[%eval 8,0]} Qa7 {[%eval 0,0]} 37. Qa1 {[%eval 4,0]} Qb6 {[%eval 6,0]} 38. Qb1 {[%eval 0,0]} Qc5 {[%eval 0,0]} 39. Qc1 {[%eval 6,0]} Qe7 {[%eval 1,0]} 40. Nxg5 {[%eval 21,0]} Rxf2 {[%eval 14,0]} 41. Rxf2 {[%eval 14,0]} Qxg5 {[%eval 21,0]} 42. Qc3 {[%eval 13,0]} Ng3 {[%eval 1,0]} 43. Kh2 {[%eval 12,0]} Rxd2 {[%eval 15,0]} 44. Qxg3 {[%eval 16,0]} Rxf2 {[%eval 11,0]} 45. Qxf2 {[%eval 16,0]} Qe5+ {[%eval 19,0]} 46. Kg1 {[%eval 29,0]} Qxe4 {[%eval 14,0]} 47. Qa7 {[%eval 14,0]} h5 {[%eval 14,0]} 48. Qe7 {[%eval 14,0]} Qe1+ {[%eval 14,0]} 49. Kh2 {[%eval 15,0]} Qe5+ {[%eval 14,0]} 50. Kg1 {[%eval 14,0]} Kh7 {[%eval 14,0]} 51. Qe8 {[%eval 14,0]} h4 {[%eval 13,0]} 52. Qe7 {[%eval 11,0]} Qd4+ {[%eval 11,0]} 53. Kh1 {[%eval 11,0]} Qa1+ {[%eval 11,0]} 54. Kh2 {[%eval 11,0]} Qf6 {[%eval 12,0]} 55. Qe8 {[%eval 14,0]} Kh6 {[%eval 14,0]} 56. Kg1 {[%eval 14,0]} e5 {[%eval 3,0]} 57. Qa4 {[%eval 3,0]} Qf4 {[%eval 3,0]} 58. Qc6+ {[%eval 3,0]} Kg5 {[%eval 3,0]} 59. Qc7 {[%eval 6,0]} Qd4+ {[%eval 0,0]} 60. Kf1 {[%eval 0,0]} Kf4 {[%eval 0,0]} 61. Qxg7 {[%eval 0,0]} Ke3 {[%eval 0,0]} 62. Kg1 {[%eval 0,0]} e4 {[%eval 0,0]} 63. Qh6+ {[%eval 0,0]} Ke2+ {[%eval 0,0]} 64. Kh1 {[%eval 0,0]} e3 {[%eval 0,0]} 65. Qa6+ {[%eval 4,0]} Kf2 {[%eval 1,0]} 66. Kh2 $4 {[%eval -32757,0] Checkmate is now unavoidable. Qa2+ was best.} (66. Qa2+) 66... e2 {[%eval -32759,0]} 0-1

[Event "Norway Chess 2024"]
[Site "Stavanger, Norway"]
[Date "2024.06.01"]
[Round "9.1"]
[White "Carlsen, Magnus"]
[Black "Firouzja, Alireza"]
[Result "1-0"]
[WhiteElo "2830"]
[BlackElo "2737"]
[Annotator "Stockfish 16.1 - Chessbase"]
[PlyCount "163"]
[EventDate "2024.??.??"]

1. e4 {[%eval 15,0]} e5 {[%eval 17,0]} 2. Nf3 {[%eval 19,0]} Nc6 {[%eval 19,0]} 3. Bb5 {[%eval 16,0]} Nf6 {[%eval 19,0]} 4. O-O {[%eval 16,0]} Nxe4 {[%eval 21,0]} 5. Re1 {[%eval 27,0]} Nd6 {[%eval 15,0]} 6. Nxe5 {[%eval 27,0]} Be7 {[%eval 21,0]} 7. Bf1 {[%eval 23,0]} Nxe5 {[%eval 15,0]} 8. Rxe5 {[%eval 21,0]} O-O {[%eval 22,0]} 9. d4 {[%eval 19,0]} Bf6 {[%eval 19,0]} 10. Re1 {[%eval 15,0]} Re8 {[%eval 18,0]} 11. c3 {[%eval 21,0]} ({RR} 11. Rxe8+ Nxe8 12. c3 d5 13. Bd3 c6 14. Bf4 g6 15. Nd2 Ng7 16. Nf3 Bf5 17. Bh6 Bxd3 18. Qxd3 Nf5 19. Bf4 Qb6 20. Qd2 Re8 21. Be5 Qd8 22. Re1 Nh4 23. Nxh4 Bxh4 24. g3 Bg5 25. Bf4 Rxe1+ {½-½ Caruana,F (2805)-So,W (2757) Chess.com Classic Play-In chess.com INT 2024 (8.2)}) 11... Rxe1 {[%eval 19,0]} 12. Qxe1 {[%eval 24,0]} Ne8 {[%eval 23,0]} 13. d5 {[%eval 16,0]} ({RR} 13. Bf4 d5 14. a4 a5 15. Nd2 Bf5 16. Qe3 Nd6 17. Bd3 Bxd3 18. Qxd3 Bg5 19. Bxd6 Qxd6 20. Nf3 Bf6 21. Qb5 b6 22. Re1 g6 23. g3 Rd8 24. Ne5 Bxe5 25. Rxe5 Qd7 26. Qe2 Qxa4 27. Re7 c5 {½-½ Martinez Alcantara,J (2610)-Firouzja,A (2760) Chessable Masters Div 1 L chess.com INT 2024 (2.1)}) 13... Qe7 $146 {[%eval 15,0]} ({RR} 13... d6 14. Bd3 g6 15. Nd2 Bg7 16. Ne4 Bf5 17. Bg5 Qd7 18. Qd2 Bxe4 19. Bxe4 Nf6 20. Bf3 Qf5 21. Re1 Qd7 22. Qf4 Re8 23. Rd1 Qf5 24. Qxf5 gxf5 25. Be3 Ng4 26. Bc1 Ne5 27. Be2 a6 28. Kf1 {1-0 Jackson,E (2156)-Liu,A (2285) Titled Tue 20th Feb Early chess.com INT 2024 (7)}) ({RR} 13... c6 14. Nd2 cxd5 15. Nf3 d6 16. Be3 Nc7 17. Qd2 Bd7 18. g3 Bc6 19. Bg2 Ne6 20. Rd1 Qa5 21. a3 h6 22. Nd4 Nxd4 23. Bxd4 Bxd4 24. Qxd4 Re8 25. Bxd5 Bxd5 26. Qxd5 Qxd5 27. Rxd5 Re2 28. b4 {Giri,A (2780)-Caruana,F (2827) Batumi 2018 ½-½ (32)}) ({RR} 13... d6 14. Be3 Bd7 15. Qd2 h6 16. c4 Bg5 17. f4 Bf6 18. Nc3 Bf5 19. Re1 g6 20. Nb5 a6 21. Nd4 Ng7 22. Bf2 Qd7 23. b4 Re8 24. Rxe8+ Qxe8 25. c5 Be4 26. Nb3 Qd7 27. Bc4 Qg4 28. Bf1 {Popovic,D (2494)-Simek,P (2322) Prague CZE 2025 ½-½ (64)}) 14. Qd1 {[%eval 2,0]} b6 {[%eval 14,0]} 15. a4 {[%eval 13,0]} a5 {[%eval 5,0]} 16. Na3 $146 {[%eval 4,0]} ({RR} 16. Nd2 Bb7 17. Nf3 g6 18. Ra3 Qd6 19. c4 c6 20. Rb3 cxd5 21. c5 Qxc5 22. Be3 Qd6 23. Rxb6 Bc6 24. Bd4 Bd8 25. Ra6 Rxa6 26. Bxa6 Nc7 27. Bf1 Ne6 28. Bc3 d4 29. Bd2 Qd5 30. b4 axb4 {Berchtenbreiter,M (2494)-Kozak,A (2578) Austria AUT 2023 0-1 (67)}) 16... Bb7 {[%eval 5,0]} 17. Nc4 {[%eval 6,0]} Bg5 {[%eval 5,0]} 18. d6 {[%eval 7,0]} Nxd6 {[%eval 1,0]} 19. Bxg5 {[%eval 8,0]} Qxg5 {[%eval 18,0]} 20. Nxd6 {[%eval 8,0]} cxd6 {[%eval 9,0]} 21. Qxd6 {[%eval 1,0]} Bc6 {[%eval 12,0]} 22. Re1 {[%eval 9,0]} Qf6 {[%eval 34,0]} 23. Qxf6 {[%eval 35,0]} gxf6 {[%eval 41,0]} 24. b3 {[%eval 39,0]} Rb8 {[%eval 29,0]} 25. c4 {[%eval 5,0]} d5 {[%eval 5,0]} 26. Re7 {[%eval 0,0]} Rc8 {[%eval 17,0]} 27. f3 {[%eval 0,0]} dxc4 {[%eval 2,0]} 28. Bxc4 {[%eval 6,0]} Bxa4 {[%eval 4,0]} 29. Bxf7+ {[%eval 2,0]} Kf8 {[%eval 5,0]} 30. Ra7 {[%eval 4,0]} Bb5 {[%eval 5,0]} 31. h4 {[%eval 0,0]} Rc5 {[%eval 4,0]} 32. Kf2 {[%eval 5,0]} Rc2+ {[%eval 11,0]} 33. Kg3 {[%eval 7,0]} Re2 {[%eval 2,0]} 34. Rb7 {[%eval 6,0]} Bd3 {[%eval 15,0]} 35. Bc4 {[%eval 1,0]} Bxc4 {[%eval 1,0]} 36. bxc4 {[%eval 13,0]} Rc2 {[%eval 16,0]} 37. Rxb6 {[%eval 7,0]} Kg7 {[%eval 8,0]} 38. Ra6 {[%eval 6,0]} Rxc4 {[%eval 6,0]} 39. Rxa5 {[%eval 6,0]} Rc7 {[%eval 22,0]} 40. Kg4 {[%eval 4,0]} Kg6 {[%eval 7,0]} 41. h5+ {[%eval 4,0]} Kf7 {[%eval 4,0]} 42. Kf5 {[%eval 5,0]} h6 {[%eval 1,0]} 43. Kg4 {[%eval 1,0]} Rc4+ {[%eval 12,0]} 44. Kh3 {[%eval 11,0]} Rc7 {[%eval 8,0]} 45. Ra4 {[%eval 7,0]} Rb7 {[%eval 1,0]} 46. Rg4 {[%eval 9,0]} Rb5 {[%eval 1,0]} 47. Kh4 {[%eval 14,0]} Rb1 {[%eval 9,0]} 48. Ra4 {[%eval 9,0]} Rb7 {[%eval 1,0]} 49. Kg4 {[%eval 9,0]} Rc7 {[%eval 1,0]} 50. Ra5 {[%eval 9,0]} Rb7 {[%eval 4,0]} 51. Kf5 {[%eval 6,0]} Re7 {[%eval 12,0]} 52. f4 {[%eval 3,0]} Rb7 {[%eval 12,0]} 53. g3 {[%eval 13,0]} Rc7 {[%eval 14,0]} 54. Ke4 {[%eval 14,0]} Re7+ {[%eval 14,0]} 55. Kf3 {[%eval 7,0]} Kg7 {[%eval 7,0]} 56. Ra1 {[%eval 8,0]} Kf7 {[%eval 9,0]} 57. Rh1 {[%eval 5,0]} Ra7 {[%eval 3,0]} 58. Rd1 {[%eval 4,0]} Rb7 {[%eval 9,0]} 59. Ke4 {[%eval 9,0]} Re7+ {[%eval 9,0]} 60. Kf5 {[%eval 3,0]} Ra7 {[%eval 3,0]} 61. Rd5 {[%eval 3,0]} Rb7 {[%eval 3,0]} 62. Ra5 {[%eval 3,0]} Rc7 {[%eval 1,0]} 63. Ke4 {[%eval 1,0]} Re7+ {[%eval 1,0]} 64. Kf3 {[%eval 13,0]} Rb7 {[%eval 16,0]} 65. f5 {[%eval 0,0]} Rc7 {[%eval 0,0]} 66. Ke4 {[%eval 0,0]} Re7+ {[%eval 0,0]} 67. Kd4 {[%eval 0,0]} Rd7+ {[%eval 1,0]} 68. Kc5 {[%eval 1,0]} Rb7 {[%eval 2,0]} 69. g4 {[%eval 2,0]} Re7 {[%eval 2,0]} 70. Kd6 {[%eval 0,0]} Re4 {[%eval 0,0]} 71. Ra7+ {[%eval 0,0]} Kf8 {[%eval 19,0]} 72. Rb7 {[%eval 3,0]} Rxg4 {[%eval 12,0]} 73. Ke6 {[%eval 12,0]} Ra4 {[%eval 12,0]} 74. Rd7 {[%eval 12,0]} Ra1 {[%eval 12,0]} 75. Kxf6 {[%eval 12,0]} Ra6+ {[%eval 12,0]} 76. Ke5 {[%eval 13,0]} Rb6 {[%eval 13,0]} 77. Rd6 {[%eval 14,0]} Rxd6 $4 {[%eval 32730,0] Checkmate is now unavoidable. Rb2 was best.} (77... Rb2) 78. Kxd6 {[%eval 32732,0]} Kf7 {[%eval 32732,0]} 79. Ke5 {[%eval 32734,0]} Ke7 {[%eval 32734,0]} 80. f6+ {[%eval 32736,0]} Kf8 {[%eval 32736,0]} 81. Kf4 {[%eval 32738,0]} Ke8 {[%eval 32738,0]} 82. Ke4 {[%eval 32740,0]} 1-0